000 01225nam a22003377a 4500
003 CHAP
005 20220329134937.0
008 971013s1963 enk r 00010 eng d
010 _a28475
011 _a29447
035 _a33558
040 _cCHAP
082 0 4 _a634.11
_bK5
100 0 0 _aKnight, Robert L.
_963529
245 1 0 _aAbstract bibliography of fruit breeding and genetics to 1960 :
_bMalus and Pyrus
260 _aBucks, England :
_bCAB,
_c1963
300 _a535 p.
490 0 _aCommonwealth Bureau of Horiculture and Plantation Crops. Technical bulletin
_v; 29
590 _aBATCH-UPD
_b10
_c20130110
_lUCH01
_h0007
590 _aBATCH-UPD
_b10
_c20130110
_lUCH01
_h2158
590 _aBATCH-UPD
_b10
_c20130410
_lUCH01
_h1507
590 _aBATCH-UPD
_b10
_c20130914
_lUCH01
_h1018
590 _aCONVERSION
_b10
_c20130109
_lUCH01
_h1316
650 1 4 _aManzana
_xBibliografía.
_970740
650 1 4 _aPera
_xBibliografía.
_986961
830 0 _aCommonwealth Bureau of Horiculture and Plantation Crops. Technical bulletin
_v; 29
_925973
901 _aBK
942 _cLIBRO
949 _a634.11 K5
_bBC
_cC
_d33724000568747
_eC
_h13458
_i33558
_si
949 _a634.11 K5
_bBC
_cLIBRO
_d33724000203154
_eLIBRO
_fc.2
_h17142
_i33558
_si
999 _c28475
_d28475